=LDR 00000nam 2200000 4500 =001 INLIS000000000025552 =005 20130612124042 =008 ***********************************Ind** =035 ##$$0010-061300000025552 =041 ##$$a Ind =082 ##$$a 415 =090 ##$$a 415, Lap t =100 ##$$a Lapoliwa, Hans =245 ##$$a Frase preposisi dalam bahasa indonesia, Hans Lapoliwa =260 ##$$a 1992 $b Jakarta =300 ##$$a 89 hlm, 21 cm =650 ##$$a frase =850 ##$$a NBPNMAT